[Event "FRA-ch op-A"]
[Site "Caen"]
[Date "2011.08.23"]
[Round "7"]
[White "Deiller, Pascal"]
[Black "Cristofari, Antoine"]
[Result "1/2-1/2"]
[WhiteElo "2075"]
[BlackElo "2157"]
[PlyCount "53"]
[EventDate "2011.08.16"]
[EventType "swiss"]
[EventRounds "11"]
[EventCountry "FRA"]
[SourceTitle "CBM 144 Extra"]
[Source "ChessBase"]
[SourceDate "2011.10.28"]
[SourceVersion "1"]
[SourceVersionDate "2011.10.28"]
[SourceQuality "1"]

1. e4 g6 2. d4 Bg7 3. Nc3 c6 4. Nf3 d5 5. exd5 cxd5 6. Bb5+ Nc6 7. 0-0 Bg4 8. h3 Bxf3 9. Qxf3 e6 10. Ne2 Nge7 11. c3 0-0 12. Bxc6 Nxc6 13. Nf4 Na5 14. Re1 Nc4 15. Nd3 Rc8 16. Bf4 Qa5 17. Qe2 Rfe8 18. Ne5 b5 19. a3 Qd8 20. Nd3 a5 21. Qf3 b4 22. axb4 axb4 23. b3 Na5 24. Nxb4 Nxb3 25. Ra3 Na5 26. Rea1 Nc6 27. Nxc6 1/2-1/2

[Event "FRA-chT2 0910"]
[Site "France"]
[Date "2009.12.12"]
[Round "5.7"]
[White "Faby, Laetitia"]
[Black "Deiller, Pascal"]
[Result "1/2-1/2"]
[WhiteElo "1966"]
[BlackElo "2083"]
[PlyCount "57"]
[EventDate "2009.09.27"]
[EventType "team-tourn"]
[EventRounds "11"]
[EventCountry "FRA"]
[SourceTitle "EXT 2011"]
[Source "ChessBase"]
[SourceDate "2010.11.26"]
[SourceVersion "1"]
[SourceVersionDate "2010.11.26"]
[SourceQuality "1"]

1. c4 c5 2. Nc3 Nf6 3. e4 Nc6 4. Nge2 g6 5. g3 Ne5 6. Nf4 e6 7. d3 Bg7 8. Bg2 0-0 9. 0-0 Nc6 10. Be3 d6 11. Rb1 a6 12. a3 Nd7 13. Nce2 a5 14. Qd2 Rb8 15. Nc3 Nd4 16. Bxd4 cxd4 17. Nb5 Nf6 18. Ne2 e5 19. b4 a4 20. Qc2 Ra8 21. c5 d5 22. exd5 Nxd5 23. Nd6 Nc7 24. Nxb7 Qf6 25. Nd6 Be6 26. Bxa8 Rxa8 27. f4 Nd5 28. Ne4 Qe7 29. Qd2 1/2-1/2

[Event "FRA-chT2 East 0809"]
[Site "France"]
[Date "2009.01.18"]
[Round "6.4"]
[White "Deiller, Pascal"]
[Black "Bardel, Stephan"]
[Result "0-1"]
[WhiteElo "2097"]
[BlackElo "2251"]
[PlyCount "42"]
[EventDate "2008.10.19"]
[EventType "team-tourn"]
[EventRounds "11"]
[EventCountry "FRA"]
[SourceTitle "EXT 2010"]
[Source "ChessBase"]
[SourceDate "2010.11.25"]
[SourceVersion "1"]
[SourceVersionDate "2010.11.25"]
[SourceQuality "1"]
[WhiteTeam "Metz Fischer II"]
[BlackTeam "Grenoble"]
[WhiteTeamCountry "FRA"]
[BlackTeamCountry "FRA"]

1. e4 c5 2. Nc3 Nc6 3. f4 a6 4. Nf3 e6 5. Qe2 Nge7 6. g3 Nd4 7. Nxd4 cxd4 8. Nd1 d5 9. e5 Bd7 10. Qf2 Rc8 11. Qxd4 Nc6 12. Qf2 Nb4 13. Bd3 Rxc2 14. Qf3 Qc7 15. Nc3 d4 16. Ne2 Nxd3+ 17. Qxd3 Bb5 18. Qb3 Qc6 19. Rf1 Bxe2 20. Kxe2 Qe4+ 21. Kf2 d3 0-1

[Event "La Fere op 6th"]
[Site "La Fere"]
[Date "2007.07.13"]
[Round "9"]
[White "Feryn, Alexandre"]
[Black "Deiller, Pascal"]
[Result "1/2-1/2"]
[WhiteElo "1893"]
[BlackElo "2084"]
[PlyCount "63"]
[EventDate "2007.07.07"]
[EventType "swiss"]
[EventRounds "9"]
[EventCountry "FRA"]
[SourceTitle "CBM 119 Extra"]
[Source "ChessBase"]
[SourceDate "2007.09.04"]
[SourceVersion "1"]
[SourceVersionDate "2007.09.04"]
[SourceQuality "1"]

1. e4 e6 2. d4 d5 3. Nc3 Nf6 4. e5 Ne4 5. Nxe4 dxe4 6. Be3 c5 7. c3 Nc6 8. Bb5 Qb6 9. Bxc6+ Qxc6 10. Ne2 b6 11. 0-0 Be7 12. Ng3 Bb7 13. Qg4 g6 14. Rfd1 0-0-0 15. dxc5 Bxc5 16. Bxc5 Qxc5 17. Qf4 e3 18. Qxe3 Qxe3 19. fxe3 Rd5 20. Rxd5 Bxd5 21. c4 Bb7 22. Rf1 Rf8 23. b3 Kd7 24. Ne2 Ke7 25. Nd4 a6 26. g4 Rc8 27. Kf2 Rc5 28. Nf3 Bxf3 29. Kxf3 Rxe5 30. b4 f5 31. gxf5 exf5 32. Rd1 1/2-1/2

[Event "La Fere op 6th"]
[Site "La Fere"]
[Date "2007.07.11"]
[Round "7"]
[White "Feryn, Benjamin"]
[Black "Deiller, Pascal"]
[Result "0-1"]
[WhiteElo "1876"]
[BlackElo "2084"]
[PlyCount "157"]
[EventDate "2007.07.07"]
[EventType "swiss"]
[EventRounds "9"]
[EventCountry "FRA"]
[SourceTitle "CBM 119 Extra"]
[Source "ChessBase"]
[SourceDate "2007.09.04"]
[SourceVersion "1"]
[SourceVersionDate "2007.09.04"]
[SourceQuality "1"]

1. e4 e6 2. d4 d5 3. Nc3 Nf6 4. e5 Nfd7 5. f4 c5 6. Nf3 Nc6 7. Be3 cxd4 8. Nxd4 Bc5 9. Be2 a6 10. Nxc6 bxc6 11. Bxc5 Nxc5 12. Qd4 Nd7 13. 0-0 c5 14. Qf2 0-0 15. Qf3 g6 16. Kh1 Rb8 17. b3 Qa5 18. Qh3 f5 19. Qg3 Rf7 20. Nd1 Nb6 21. Nf2 Bd7 22. Nh3 Bb5 23. Bxb5 axb5 24. Ng5 Re7 25. Qh4 Qa7 26. Rf3 d4 27. Rh3 Nd5 28. Qg3 Qd7 29. Nxh7 Rxh7 30. Qxg6+ Rg7 31. Qh6 Rf8 32. Rf1 Kf7 33. Rff3 Rfg8 34. Rfg3 Rxg3 35. Rxg3 Rxg3 36. hxg3 Qe7 37. Qh7+ Ke8 38. Qg8+ Kd7 39. Qb8 Nc7 40. Qb6 b4 41. Kg1 Ke8 42. Kf2 Kf7 43. Qb8 Kg7 44. Ke2 Nd5 45. Kd3 Nc3 46. Kc4 Ne4 47. Qb6 Qd7 48. Qb8 d3 49. cxd3 Qd4+ 50. Kb5 Qxd3+ 51. Ka5 Qd7 52. Qb6 Kf7 53. g4 fxg4 54. f5 exf5 55. Qh6 Qc7+ 56. Kb5 Qd7+ 57. Ka5 Qc7+ 58. Kb5 Qxe5 59. Qh7+ Kf8 60. Qh6+ Qg7 61. Qc6 Qf6 62. Qc8+ Kg7 63. Qc7+ Kg6 64. Qd7 Qf7 65. Qc6+ Kg5 66. Qb6 Qb7 67. Qxb7 Nd6+ 68. Kxc5 Nxb7+ 69. Kxb4 f4 70. a4 f3 71. gxf3 gxf3 72. a5 Nxa5 73. Kxa5 f2 74. b4 f1Q 75. b5 Qa1+ 76. Kb6 Qa8 77. Kc7 Qa7+ 78. Kc6 Qb8 79. b6 0-1

[Event "Cap d'Agde op"]
[Site "Cap d'Agde"]
[Date "2006.10.31"]
[Round "7"]
[White "Girard, Jean Pierre"]
[Black "Deiller, Pascal"]
[Result "1-0"]
[WhiteElo "1973"]
[BlackElo "2091"]
[PlyCount "55"]
[EventDate "2006.10.26"]
[EventType "swiss"]
[EventRounds "9"]
[EventCountry "FRA"]
[SourceTitle "EXT 2007"]
[Source "ChessBase"]
[SourceDate "2006.11.23"]
[SourceVersion "1"]
[SourceVersionDate "2006.11.23"]
[SourceQuality "1"]

1. e4 e6 2. d4 d5 3. Nd2 Nf6 4. e5 Nfd7 5. Bd3 c5 6. c3 Nc6 7. Ne2 cxd4 8. cxd4 f6 9. exf6 Nxf6 10. 0-0 Bd6 11. Nf3 0-0 12. Bg5 Bd7 13. Rc1 a6 14. Bb1 Qb6 15. b3 Be8 16. Bf4 Ba3 17. Rc3 Bb4 18. Re3 Ng4 19. Ng5 Nxe3 20. Bxh7+ Kh8 21. fxe3 Bh5 22. Qc2 Ne7 23. Ng3 Bg4 24. h3 Bf5 25. Qe2 Ng8 26. Qh5 Nh6 27. Qxh6 Rf6 28. Qh5 1-0

[Event "FRA-chT2D 0506"]
[Site "France"]
[Date "2006.01.15"]
[Round "6.6"]
[White "Debray, Christopher"]
[Black "Deiller, Pascal"]
[Result "1-0"]
[WhiteElo "2215"]
[BlackElo "2122"]
[PlyCount "29"]
[EventDate "2005.10.27"]
[EventType "team-tourn"]
[EventRounds "11"]
[EventCountry "FRA"]
[SourceTitle "EXT 2006"]
[Source "ChessBase"]
[SourceDate "2005.11.24"]
[SourceVersion "1"]
[SourceVersionDate "2005.11.24"]
[SourceQuality "1"]
[WhiteTeam "Evry II"]
[BlackTeam "Metz Fischer"]
[WhiteTeamCountry "FRA"]
[BlackTeamCountry "FRA"]

1. Nf3 Nf6 2. c4 c5 3. g3 d5 4. cxd5 Nxd5 5. Nc3 Nc6 6. Bg2 e5 7. d3 Nc7 8. 0-0 Be7 9. Nd2 Bd7 10. Nc4 0-0 11. Bxc6 Bxc6 12. Nxe5 Re8 13. e4 b5 14. Be3 f6 15. Nf3 1-0

[Event "FRA-chT2D 0506"]
[Site "France"]
[Date "2005.12.04"]
[Round "4.5"]
[White "Deiller, Pascal"]
[Black "Jallerat, Denis"]
[Result "1/2-1/2"]
[WhiteElo "2130"]
[BlackElo "2045"]
[PlyCount "24"]
[EventDate "2005.10.27"]
[EventType "team-tourn"]
[EventRounds "11"]
[EventCountry "FRA"]
[SourceTitle "EXT 2006"]
[Source "ChessBase"]
[SourceDate "2005.11.24"]
[SourceVersion "1"]
[SourceVersionDate "2005.11.24"]
[SourceQuality "1"]
[WhiteTeam "Metz Fischer"]
[BlackTeam "Gueugnon"]
[WhiteTeamCountry "FRA"]
[BlackTeamCountry "FRA"]

1. e4 e6 2. d4 d5 3. Nc3 dxe4 4. Nxe4 Bd7 5. Nf3 Bc6 6. Bd3 Nd7 7. Qe2 Ngf6 8. 0-0 Nxe4 9. Bxe4 Bxe4 10. Qxe4 c6 11. Re1 Nf6 12. Qe2 Be7 1/2-1/2

[Event "St Chely d'Aubrac op 4th"]
[Site "St Chely d'Aubrac"]
[Date "2004.07.23"]
[Round "8"]
[White "Deiller, Pascal"]
[Black "Corke, Anya Sun"]
[Result "1/2-1/2"]
[WhiteElo "2123"]
[BlackElo "2042"]
[PlyCount "68"]
[EventDate "2004.07.17"]
[EventType "swiss"]
[EventRounds "9"]
[EventCountry "FRA"]
[SourceTitle "CBM 101 Extra"]
[Source "ChessBase"]
[SourceDate "2004.09.01"]
[SourceVersion "2"]
[SourceVersionDate "2004.09.01"]
[SourceQuality "1"]

1. d4 Nf6 2. Nc3 d5 3. Bg5 Nbd7 4. Nf3 g6 5. Qd3 Bg7 6. e4 dxe4 7. Nxe4 0-0 8. 0-0-0 c6 9. h4 h6 10. Nfd2 Qa5 11. Kb1 Nxe4 12. Nxe4 Nf6 13. Nxf6+ exf6 14. Bd2 Qb6 15. Be3 f5 16. Qb3 Qc7 17. g3 Be6 18. Bc4 Rfe8 19. Bf4 Bxc4 20. Qxc4 Qb6 21. c3 Re4 22. f3 Re6 23. Rhe1 Rae8 24. Rxe6 Rxe6 25. Kc2 Qd8 26. d5 cxd5 27. Rxd5 Qe8 28. Qb5 Re2+ 29. Kd1 Re1+ 30. Kd2 Qe6 31. Rd6 Qe7 32. Rd7 Qe6 33. Rd6 Qe7 34. Rd7 Qe6 1/2-1/2

[Event "St Chely d'Aubrac op 4th"]
[Site "St Chely d'Aubrac"]
[Date "2004.07.20"]
[Round "5"]
[White "Guidez, Thomas"]
[Black "Deiller, Pascal"]
[Result "0-1"]
[WhiteElo "1892"]
[BlackElo "2123"]
[PlyCount "78"]
[EventDate "2004.07.17"]
[EventType "swiss"]
[EventRounds "9"]
[EventCountry "FRA"]
[SourceTitle "CBM 101 Extra"]
[Source "ChessBase"]
[SourceDate "2004.09.01"]
[SourceVersion "2"]
[SourceVersionDate "2004.09.01"]
[SourceQuality "1"]

1. e4 e6 2. d4 d5 3. Nc3 Nf6 4. Bg5 dxe4 5. Nxe4 Be7 6. Nxf6+ Bxf6 7. Be3 c5 8. Nf3 Nc6 9. c3 cxd4 10. Nxd4 Nxd4 11. cxd4 Bd7 12. Be2 Bc6 13. 0-0 0-0 14. Bc4 Rc8 15. Bb3 Bd5 16. Bxd5 Qxd5 17. Qa4 a6 18. Rfd1 Rc4 19. Qb3 Rfc8 20. a3 Rxd4 21. Qxd5 Rxd5 22. Rxd5 exd5 23. Rd1 d4 24. Bf4 Kf8 25. Kf1 Ke7 26. Rd3 Ke6 27. b4 Kd5 28. Bd2 Re8 29. Rh3 h6 30. f4 Kc4 31. g4 d3 32. g5 hxg5 33. fxg5 Bc3 34. Rh4+ Kb3 35. Bxc3 Kxc3 36. Rh3 Kc2 37. Rh4 Rc8 38. Rd4 d2 39. Ke2 Re8+ 0-1

[Event "St Chely d'Aubrac op 4th"]
[Site "St Chely d'Aubrac"]
[Date "2004.07.17"]
[Round "1"]
[White "Tabaroni, Serge"]
[Black "Deiller, Pascal"]
[Result "0-1"]
[WhiteElo "1650"]
[BlackElo "2123"]
[PlyCount "40"]
[EventDate "2004.07.17"]
[EventType "swiss"]
[EventRounds "9"]
[EventCountry "FRA"]
[SourceTitle "CBM 101 Extra"]
[Source "ChessBase"]
[SourceDate "2004.09.01"]
[SourceVersion "2"]
[SourceVersionDate "2004.09.01"]
[SourceQuality "1"]

1. e4 e6 2. d4 d5 3. exd5 exd5 4. Bd3 Nc6 5. c3 Bd6 6. Ne2 Qh4 7. Ng3 g6 8. 0-0 Nf6 9. Re1+ Ne7 10. Nd2 Bg4 11. Nf3 Bxf3 12. gxf3 Nh5 13. Kg2 0-0-0 14. Rh1 Bf4 15. Nxh5 gxh5 16. Bxf4 Qxf4 17. Kf1 Rde8 18. Bc2 Nf5 19. Bxf5+ Qxf5 20. Rg1 Qh3+ 0-1

[Event "Condom op 3rd"]
[Site "Condom"]
[Date "2004.07.15"]
[Round "7"]
[White "Alard, Pierre"]
[Black "Deiller, Pascal"]
[Result "0-1"]
[WhiteElo "1994"]
[BlackElo "2123"]
[PlyCount "32"]
[EventDate "2004.07.10"]
[EventType "swiss"]
[EventRounds "9"]
[EventCountry "FRA"]
[SourceTitle "CBM 101 Extra"]
[Source "ChessBase"]
[SourceDate "2004.09.01"]
[SourceVersion "2"]
[SourceVersionDate "2004.09.01"]
[SourceQuality "1"]

1. c4 Nf6 2. g3 c5 3. Bg2 d5 4. cxd5 Nxd5 5. Nc3 Nc7 6. Nf3 Nc6 7. 0-0 e5 8. d3 Be7 9. Be3 0-0 10. Nd2 Bd7 11. Nc4 f6 12. Ne4 b6 13. f4 Nd5 14. Bd2 b5 15. Ncd6 Qb6 16. Qb3 c4+ 0-1

[Event "FRA-chT2O 0203"]
[Site "France"]
[Date "2002.10.13"]
[Round "1.8"]
[White "Deiller, Pascal"]
[Black "Timotic, Nicolas"]
[Result "0-1"]
[WhiteElo "2055"]
[BlackElo "2104"]
[PlyCount "78"]
[EventDate "2002.10.??"]
[EventType "team"]
[EventRounds "11"]
[EventCountry "FRA"]
[SourceTitle "EXT 2004"]
[Source "ChessBase"]
[SourceDate "2003.11.25"]
[SourceVersion "1"]
[SourceVersionDate "2003.11.25"]
[SourceQuality "1"]
[WhiteTeam "Metz Fischer II"]
[BlackTeam "Lyon Olympique"]
[WhiteTeamCountry "FRA"]
[BlackTeamCountry "FRA"]

1. d4 Nf6 2. Nc3 d5 3. Bg5 Bf5 4. f3 c6 5. e3 Qb6 6. Rb1 Nbd7 7. Bd3 Bxd3 8. Qxd3 e6 9. Nge2 c5 10. Qb5 a6 11. Qxb6 Nxb6 12. Nd1 Nc4 13. Nc1 Nd7 14. Nb3 a5 15. Nd2 Nxd2 16. Kxd2 f6 17. Bh4 Bd6 18. c3 0-0 19. Bg3 e5 20. Re1 Nb6 21. dxe5 Nc4+ 22. Kc2 fxe5 23. Nf2 e4 24. Bxd6 Nxd6 25. f4 d4 26. g3 d3+ 27. Kd1 b5 28. b3 a4 29. Rb2 axb3 30. axb3 Ra1+ 31. Kd2 Rxe1 32. Kxe1 Ra8 33. Nd1 Ra1 34. Kd2 Kf7 35. h3 Ke6 36. g4 Kd5 37. Ke1 c4 38. b4 Nc8 39. Kd2 Nb6 0-1

[Event "Metz op 19th"]
[Site "Metz"]
[Date "2001.04.13"]
[Round "7"]
[White "Laurent, Bruno"]
[Black "Deiller, Pascal"]
[Result "1-0"]
[WhiteElo "2231"]
[BlackElo "2077"]
[PlyCount "51"]
[EventDate "2001.04.07"]
[EventType "swiss"]
[EventRounds "9"]
[EventCountry "FRA"]
[SourceTitle "CBM 081 Extra"]
[Source "ChessBase"]
[SourceDate "2001.05.06"]
[SourceVersion "1"]
[SourceVersionDate "2001.05.06"]
[SourceQuality "1"]

1. e4 e6 2. d4 d5 3. Nc3 Nf6 4. e5 Nfd7 5. f4 c5 6. Nf3 Nc6 7. Be3 cxd4 8. Nxd4 Bc5 9. Qd2 a6 10. Be2 0-0 11. 0-0-0 Bxd4 12. Bxd4 b5 13. Bf3 Qa5 14. Kb1 b4 15. Ne2 Nb6 16. b3 Nxd4 17. Nxd4 Qc5 18. g4 a5 19. f5 Qc7 20. Rhe1 Qe7 21. f6 gxf6 22. Nc6 Qc5 23. exf6 Kh8 24. Ne7 Bd7 25. Qh6 Rg8 26. Re5 1-0

[Event "Metz op 19th"]
[Site "Metz"]
[Date "2001.04.08"]
[Round "2"]
[White "Legky, Nikolay A"]
[Black "Deiller, Pascal"]
[Result "1-0"]
[WhiteElo "2477"]
[BlackElo "2077"]
[PlyCount "71"]
[EventDate "2001.04.07"]
[EventType "swiss"]
[EventRounds "9"]
[EventCountry "FRA"]
[SourceTitle "CBM 081 Extra"]
[Source "ChessBase"]
[SourceDate "2001.05.06"]
[SourceVersion "1"]
[SourceVersionDate "2001.05.06"]
[SourceQuality "1"]

1. d4 Nf6 2. Nf3 c5 3. c3 e6 4. Bg5 d5 5. e3 h6 6. Bh4 cxd4 7. exd4 Be7 8. Bd3 Bd7 9. 0-0 Nc6 10. Nbd2 Nh5 11. Bxe7 Qxe7 12. Re1 Nf4 13. Bf1 Qf6 14. Ne5 Nxe5 15. dxe5 Qe7 16. Nf3 0-0 17. Qd4 Ng6 18. Rad1 Rfd8 19. Qg4 Rac8 20. Bd3 Nf8 21. Nd4 Qg5 22. Qh3 Ng6 23. Bxg6 Qxg6 24. Re3 Kh7 25. Rg3 Qe4 26. Nf3 f6 27. Re1 Qf5 28. Qxf5+ exf5 29. exf6 g5 30. Ne5 f4 31. Rd3 Bf5 32. Rd4 b5 33. h4 Bg6 34. hxg5 hxg5 35. Nf3 Kh6 36. Re5 1-0

[Event "Metz op 18th"]
[Site "Metz"]
[Date "2000.04.16"]
[Round "2"]
[White "Deiller, Pascal"]
[Black "Sulava, Nenad"]
[Result "0-1"]
[WhiteElo "2079"]
[BlackElo "2486"]
[PlyCount "84"]
[EventDate "2000.04.15"]
[EventType "swiss"]
[EventRounds "9"]
[EventCountry "FRA"]
[SourceTitle "CBM 075 Extra"]
[Source "ChessBase"]
[SourceDate "2000.05.11"]
[SourceVersion "2"]
[SourceVersionDate "2000.05.11"]
[SourceQuality "1"]

1. d4 Nf6 2. Nc3 e6 3. Bg5 c5 4. d5 h6 5. Bh4 Qa5 6. Bxf6 gxf6 7. Qd2 f5 8. e4 fxe4 9. Nxe4 Qxd2+ 10. Kxd2 f5 11. Nc3 Bg7 12. Nb5 Kd8 13. dxe6 dxe6 14. Rd1 Bd7 15. Kc1 a6 16. Nd6 Kc7 17. Nf3 b5 18. Nf7 Rf8 19. N7e5 Be8 20. Nd3 Nd7 21. Nf4 Bf7 22. Be2 c4 23. Nh4 Bf6 24. g3 Nc5 25. Bh5 Bxh5 26. Nxh5 c3 27. Nxf6 cxb2+ 28. Kxb2 Rxf6 29. f4 Rff8 30. Nf3 Rfd8 31. Ne5 Kb6 32. Nf7 Rdc8 33. Rd2 Rc7 34. Ne5 Rac8 35. Nf3 Ne4 36. Re2 Rc4 37. Ne5 Rb4+ 38. Kc1 Nc3 39. Ree1 Nxa2+ 40. Kd2 Rb2 41. Nd7+ Ka7 42. Rxe6 Rcxc2+ 0-1

[Event "Metz op 16th"]
[Site "Metz"]
[Date "1998.04.07"]
[Round "2"]
[White "Zelcic, Robert"]
[Black "Deiller, Pascal"]
[Result "1-0"]
[WhiteElo "2540"]
[BlackElo "2130"]
[PlyCount "66"]
[EventDate "1998.04.06"]
[EventType "swiss"]
[EventRounds "9"]
[EventCountry "FRA"]
[SourceTitle "EXT 1999"]
[Source "ChessBase"]
[SourceDate "1998.11.16"]
[SourceVersion "1"]
[SourceVersionDate "1998.11.16"]
[SourceQuality "1"]

1. e4 e6 2. d4 d5 3. Nc3 Nf6 4. e5 Nfd7 5. f4 c5 6. Nf3 Nc6 7. Be3 cxd4 8. Nxd4 Bc5 9. Qd2 a6 10. 0-0-0 0-0 11. h4 Bxd4 12. Bxd4 b5 13. Rh3 Bb7 14. Kb1 Rc8 15. Bf2 Qa5 16. Rg3 b4 17. Ne2 Nc5 18. Bxc5 Qxc5 19. Nc1 f5 20. Bd3 a5 21. Rg5 Ne7 22. h5 Kh8 23. Be2 Rc7 24. Nb3 Qb6 25. Nd4 Ba6 26. Bxa6 Qxa6 27. h6 g6 28. g4 a4 29. gxf5 Nxf5 30. Nxf5 Rxf5 31. Qxb4 Qc6 32. c3 Rff7 33. Rd4 Ra7 1-0